|
|
|
|
| LEADER |
01301nam a2200253 a 4500 |
| 001 |
16995923 |
| 008 |
120229s2009 bg ab b f000 0 eng d |
| 010 |
|
|
|a 2011350299
|
| 020 |
|
|
|a 9848574255
|
| 040 |
|
|
|a DLC
|c DLC
|d DLC
|c BD-DhAAL
|
| 082 |
0 |
4 |
|a 551.6095492
|2 22
|
| 245 |
0 |
0 |
|a Bangladesh Climate Change Strategy and Action Plan, 2009.
|
| 260 |
|
|
|a Dhaka :
|b Ministry of Environment and Forests, Govt. of the People's Republic of Bangladesh,
|c 2009.
|
| 300 |
|
|
|a xviii, 76 p. :
|b col. ill., col. maps ;
|c 28 cm.
|
| 500 |
|
|
|a At head of title: Ministry of Environment and Forests, Government of the People's Republic of Bangladesh.
|
| 504 |
|
|
|a Includes bibliographical references.
|
| 541 |
1 |
|
|e 00024668
|
| 650 |
|
0 |
|a Climatic changes
|x Environmental aspects
|z Bangladesh
|
| 710 |
2 |
|
|a Bangladesh Climate Change Strategy and Action Plan.
|
| 710 |
1 |
|
|a Bangladesh.
|b Paribeśa o Bana Mantraṇālaẏa.
|
| 852 |
1 |
|
|a Ayesha Abed Library
|j General shelf
|
| 999 |
|
|
|c 11930
|d 11930
|
| 952 |
|
|
|0 0
|1 0
|4 0
|6 551_609549200000000_BAN
|7 0
|9 19507
|a BRACUL
|b BRACUL
|c GEN
|d 2012-02-29
|e Gifted by VC
|l 0
|o 551.6095492 BAN
|p 3010024668
|r 2012-02-29
|t 1
|w 2012-02-29
|y BK
|
| 952 |
|
|
|0 0
|1 0
|4 0
|6 551_609549200000000_BAN
|7 0
|9 19508
|a BRACUL
|b BRACUL
|c GEN
|d 2012-02-29
|e Gifted by VC
|l 0
|o 551.6095492 BAN
|p 3010024669
|r 2012-02-29
|t 2
|w 2012-02-29
|y BK
|